| 000 | 00491nam a2200169Ia 4500 | ||
|---|---|---|---|
| 008 | 230718s9999 xx 000 0 und d | ||
| 020 | _a9781439868591 | ||
| 041 | _aeng | ||
| 082 |
_a621.39'5 _bLIN |
||
| 100 | _aLin M.B | ||
| 245 |
_aIntroduction To VLSI Systems _bA Logic, Circuit, And System Perspective |
||
| 260 |
_c2014 _bCRC Press |
||
| 300 |
_a885 _dRef 1603 E (49770) |
||
| 365 |
_cRs. _b1495.00 |
||
| 700 | _aLin M.B | ||
| 906 |
_dO:0427317-Oct-2014B:646901-Sep-2014 _cETC _b747.5 |
||
| 999 |
_c338564 _d338564 |
||